Effect of powdery mildew disease on yield of rubber in northern part of West Bengal (Record no. 52697)

MARC details
000 -LEADER
fixed length control field 00622nam a2200169Ia 4500
100 ## - MAIN ENTRY--AUTHOR NAME
Personal name Mondal G.C.
245 #0 - TITLE STATEMENT
Title Effect of powdery mildew disease on yield of rubber in northern part of West Bengal
260 ## - PUBLICATION, DISTRIBUTION, ETC. (IMPRINT)
Name of publisher Placrosym XV, 2002, Mysore, India. (Eds. K.Sreedharan, P.K. Vinod Kumar, Jayarama and Basavaraja M. Chaluki). Central Coffee Research Institute, Karnataka, India, pp. 531-534.
Year of publication 2002
650 ## - SUBJECT ADDED ENTRY--TOPICAL TERM
Topical Term Crop loss
650 ## - SUBJECT ADDED ENTRY--TOPICAL TERM
Topical Term Powdery mildew
650 ## - SUBJECT ADDED ENTRY--TOPICAL TERM
Topical Term RRII 105
650 ## - SUBJECT ADDED ENTRY--TOPICAL TERM
Topical Term Sulphur dusting
650 ## - SUBJECT ADDED ENTRY--TOPICAL TERM
Topical Term West Bengal
700 ## - ADDED ENTRY--PERSONAL NAME
Personal name Jacob C.K.
942 ## - ADDED ENTRY ELEMENTS (KOHA)
Koha item type Bibliography STAF
Holdings
Withdrawn status Lost status Damaged status Not for loan Home library Current library Date acquired Koha item type
      Bibliography RRII Library RRII Library 09/04/2014 Bibliography STAF